Normal view
MARC view
Entry Personal Name
001 - CONTROL NUMBER
- control field: 8462
003 - CONTROL NUMBER IDENTIFIER
- control field: ARRUPE
005 - DATE AND TIME OF LATEST TRANSACTION
- control field: 20140206173550.0
008 - FIXED-LENGTH DATA ELEMENTS
- fixed length control field: 140206|| aca||aabn | a|a d
040 ## - CATALOGING SOURCE
- Original cataloging agency: ARRUPE
- Transcribing agency: ARRUPE
100 ## - HEADING--PERSONAL NAME
- Personal name: Jules M. Brady
670 ## - SOURCE DATA FOUND
- Source citation: Work cat.: (ARRUPE)7638: Jules M. Brady, New Approaches to God